History - World | 1 | 2 | 0 | 0 | 35 | 30 | 91.33 | 0 | 1 |
Science - Biology | 0 | 3 | 0 | 0 | 30 | 62 | 87.67 | 0 | 0 |
History - American | 1 | 1 | 0 | 0 | 25 | 40 | 72.00 | 0 | 0 |
Current Events - World | 1 | 0 | 0 | 0 | 15 | 56 | 56.00 | 0 | 1 |
History - Cross, Historiography, and Miscellaneous | 1 | 0 | 0 | 0 | 15 | 61 | 61.00 | 0 | 0 |
Literature - European | 1 | 0 | 0 | 0 | 15 | 69 | 69.00 | 0 | 0 |
RMP - Greco-Roman Mythology | 1 | 0 | 0 | 0 | 15 | 16 | 16.00 | 0 | 1 |
Other - Other Academic and General Knowledge | 0 | 1 | 0 | 0 | 10 | 105 | 105.00 | 0 | 0 |
History - European | 0 | 1 | 0 | 0 | 10 | 90 | 90.00 | 0 | 1 |
Fine Arts - Architecture | 0 | 1 | 0 | 0 | 10 | 116 | 116.00 | 0 | 0 |
Social Science - Other | 0 | 0 | 0 | 0 | 0 | | 0.00 | 0 | 0 |
Geography - World | 0 | 0 | 0 | 0 | 0 | | 0.00 | 0 | 0 |
Literature - American | 0 | 0 | 0 | 0 | 0 | | 0.00 | 0 | 0 |
RMP - World Mythology | 0 | 0 | 0 | 0 | 0 | | 0.00 | 0 | 0 |
Science - Engineering and Miscellaneous | 0 | 0 | 0 | 0 | 0 | | 0.00 | 0 | 0 |